000 00875nam a22001337a 4500
040 _cNUST
082 _a378.1662,GRE
245 _aBarrons GRE :
_bHow to prepare for the Graduate Record Examination /
_cSamuel C. Brownstein, Mitchel Weiner, and Sharon Weiner Green
250 _a8th ed.
260 _aAmerica
_bBsrron's
_c1988
300 _aviii,659 p.;
505 _aWhat You Need to Know About the GRE (Page-1), A Diagnostic Test (Page-14), Sentence Completion Questions (Page-66), Analogy Questions (Page-81), Reading Comprehension Question (Page-93), Antonym Questions (Page-), Reviewing Vocabulary (Page-), Quantitative Comparison Questions (Page-), Discrete Quantitative Questions (Page-), Data Interpretation Questions (Page-), Mathematics Review (Page-), Analytical Ability (Page-395), Test Yourself- Five Practice Tests (Page-418).
942 _2ddc
_cBK
_k378.1662,GRE
999 _c592932
_d592932